| 000 | 00945nam2a2200241 4500 | ||
|---|---|---|---|
| 001 | RU\NLR\BIBL_A\016266886 | ||
| 005 | 20230201161923.0 | ||
| 010 |
_a978-5-00204-653-9 _930 |
||
| 021 |
_aRU _bКН-П-22-088516 _9КН-П-22-7857 |
||
| 035 | _a(NLR Aleph) 016266886 | ||
| 090 |
_a12873075 _c12873075 |
||
| 100 | _a20230123d2022 u y0rusy50 ca | ||
| 101 | 0 | _arus | |
| 102 | _aRU | ||
| 105 | _aac||z|||000zy | ||
| 200 | 0 | _a#2 | |
| 210 | _d2022 | ||
| 215 |
_a162 с. _cил., портр. |
||
| 461 | 0 |
_1001RU\NLR\BIBL_A\016266825 _12001#$aДа-да, идиотка на проводе…$fТатьяна Московская$v#2 _1700#1$aМосковская$bТ. С.$gТатьяна С _912872875 _aМосковская, Т. С. _cМосква _d2022 _fТатьяна Московская _nПеро _tДа-да, идиотка на проводе… _v#2 |
|
| 942 | _cBOOK | ||
| 980 | _aNB | ||